[Event "GER-chT U12"]
[Site "Verden"]
[Date "2005.12.27"]
[Round "2.4"]
[White "Neumann, Florian"]
[Black "Hoeger, Bastian"]
[Result "0-1"]
[WhiteElo "816"]
[BlackElo "1191"]
[PlyCount "70"]
[EventDate "2005.12.27"]
[EventType "team-swiss"]
[EventRounds "7"]
[EventCountry "GER"]
[SourceTitle "CBM 110 Extra"]
[Source "ChessBase"]
[SourceDate "2006.03.10"]
[SourceVersion "2"]
[SourceVersionDate "2006.03.10"]
[SourceQuality "1"]

1. e4 c5 2. Nc3 Nc6 3. Bc4 g6 4. d3 Bg7 5. Nf3 d6 6. 0-0 Nf6 7. Be3 a6 8. Qd2 b5 9. Bb3 b4 10. Ne2 Bb7 11. Ng5 e6 12. Bxe6 fxe6 13. Nxe6 Qe7 14. Nxg7+ Qxg7 15. Bh6 Qe7 16. Qg5 Ng8 17. Qxe7+ Ngxe7 18. Nf4 Kd7 19. Nd5 Nxd5 20. exd5 Nd4 21. c3 bxc3 22. bxc3 Nf5 23. Bg5 Bxd5 24. c4 Bc6 25. Rab1 Rab8 26. Rfe1 Rxb1 27. Rxb1 Re8 28. h3 Re2 29. a3 Kc7 30. g4 Nd4 31. Kf1 Bf3 32. Re1 Bg2+ 33. Kxg2 Rxe1 34. Bd2 Rd1 35. Ba5+ Kc6 0-1